Quizzes
Events
Quiz Creation
Community
Videos
Private Events
Remove Ads
Sign In
Join for FREE
Feedback
Dark Mode
Quiz Categories
Sports
Geography
Music
Movies
Television
Just For Fun
Miscellaneous
History
Literature
Language
Science
Gaming
Entertainment
Religion
Holiday
For Kids
Quiz Lab
Recent
Popular Today
Quiz Kudos Today
Editor Picks
Curator Picks
Quizzes by...
Day
Popularity
Type
Ratings
Length
Year
Community
Subscriptions
Recent Discussions
Orange Saloon
Badges
Playlists
Quests
Create
Leaderboards
Showdown
Live 5
Trivia Bingo
Activity
Puzzle Library
Sporcle Events
Private Events
Virtual Trivia
Globe League
Become a Host
Pub Owners
SporcleCon
Opinionation
Our Games
Videos
Blog
Mobile Apps
Partnerships
Remove Ads and Go Orange
Feedback
Just For Fun
Clickable
Get the Picture
Humor
Quick Pick
Word Ladder
Missing Word
Mixed Word
Blitz
Minefield
This or That
Alphabet
Color
Typing
Sporcle
Puzzle
Word Play
Follow That Line
Logic
Just For Fun
Clickable
Get the Picture
Humor
Quick Pick
Word Ladder
Missing Word
Mixed Word
Blitz
Minefield
This or That
Alphabet
Color
Typing
Sporcle
Puzzle
Word Play
Follow That Line
Logic
Random Quiz
Search Sporcle
×
Quiz Lab
Quiz Lab
Just For Fun
Category
Type in answers that appear in a list
Type in answers that appear in a list
Classic
Best Score? Go Orange.
Them are Fightin' Words Stats
Can you name the Them are Fightin' Words?
By
thegraypist
15m
25 Questions
35 Plays
35 Plays
35 Plays
Comments
Comments
Give Quiz Kudos
Give Quiz Kudos
-
- Ratings
hide this ad
Replay
Link that replays current quiz
Next Quiz
Link to next quiz in quiz playlist
You Got
0%
They Got
Avg Score
29%
Avg Friend Score
Upgrade to see
Score Distribution
Jump to the score distribution portion of the page
Score
0/25
Timer
15:00
0
Plays Today
Category
Answer
% Correct
University Nickname
Fighting Irish
82.9%
University Nickname
Fighting Illini
65.7%
Crossword Clues
Brawl
62.9%
Name the Famous Fighting Opponent
Happy Gilmore
45.7%
Music (Original Artist)
Survivor 'Eye of the Tiger'
40%
Speaker Identity
Mike Tyson
40%
University Nickname
Fighting Blue Hens
34.3%
Music (Original Artist)
Twisted Sister 'We're Not Gonna Take it'
34.3%
Music (Original Artist)
Toby Keith 'Courtesy of the red white and blue'
34.3%
University Nickname
Fighting Sioux
31.4%
Music (Original Artist)
Guns & Roses 'Welcome to the Jungle'
31.4%
Crossword Clues
Bo
31.4%
Speaker Identity
Winston Churchill
31.4%
Category
Answer
% Correct
Name the Famous Fighting Opponent
Don Zimmer
25.7%
Speaker Identity
Nathan Hale
22.9%
Music (Original Artist)
Sweet 'Ballroom Blitz'
20%
Crossword Clues
Defenestrate
20%
University Nickname
Fighting Bobcats
14.3%
Name the Famous Fighting Opponent
Max Baer
14.3%
Speaker Identity
Barack Obama
11.4%
Crossword Clues
Clout
8.6%
Crossword Clues
Hickory
8.6%
Name the Famous Fighting Opponent
Paul Wilson
8.6%
Name the Famous Fighting Opponent
William Perry
8.6%
Speaker Identity
Vin Diesel
5.7%
Quiz Playlist
Details
Report
Send in Message
Add To Playlist
Classic:
Type in answers that appear in a list
Last Updated: Feb 16, 2017
Quiz Scoreboard
CHALLENGE
Sign Up to Join the Scoreboard
Show All
Scores
Hide
Comments
May contain spoilers
Recently Published
TV Characters by Other Roles V
by ghcgh
Television
5m
Decade Duel: World Leaders
by jenniferyan
History
4m
Alphabetical 'K' Countries by Flag Minefield
by ylime102
Geography
3m
More to Explore
Quiz From the Vault
Featured Blog Post
15 Basketball Trivia Facts You Can Be March Mad About
hide this ad
You Might Also Like...
Tags
Category
Today's Top Quizzes in Just For Fun
Browse Just For Fun
hide this ad
Today's Top Quizzes in Category
Browse Category
Top Contributed Quizzes in Just For Fun
1
Seasons
2
Pick 6: Letters
3
Pick 6: Foods
4
Pick 6: Colors
5
Quick Pick: Spring Things
6
Four Seasons
7
Erkennst du die Lieblingsgerichte der watsons?
8
💣 Real or Fake Four Letter Words [Blitz]
9
🌸 Two-Word Hint Crossword 7 🌸
10
Dragon Ball Z Logic Quiz
Explore More
Trending Topics
Crossword
Marvel
Kpop
Harry Potter
NBA
Disney
Anime
Country
Soccer
Puzzle
NFL
The Office
Pokémon
Song
WWE
hide this ad
More By:
thegraypist
Quiz
Plays
Rating
Category
Featured
Created
Big 4 Sports Teams by Retro Logo (Pic)
7,839
3.95
Sports
Mar 6, 2010
NBA player by his Nike shoe logo (Pic)
5,821
3.27
Sports
Oct 31, 2012
Renamed Sports Team Logos, Big 4 (Pic)
4,347
4.11
Sports
Mar 7, 2010
Are You a Chicagoan?
3,029
2.47
Geography
Feb 10, 2010
World City Silhouettes
2,515
4.36
Geography
May 27, 2013
Go to Creator's Profile
Score Distribution
Quiz Creator Spotlight
thegraypist
Follow
Send a Message
Quizzes Created
-
Created Quiz Play Count
-
More By This Creator
Popular Quizzes Today
1
Countries of Asia Without Outlines Minefield
2
Find the US States - No Outlines Minefield
3
Pick 6: Fruits
4
The Countries of the World
5
Find the Countries of Europe - No Outlines Minefield
6
Alphabetical 'K' Countries by Flag Minefield
7
Find the US States
8
US States
More Just For Fun Quizzes
Get the Picture: Sigourney Weaver by the Decade
Published
Trending Quizzes
Pick 6: Mountains
Pick 6: Harry Potter
Pick 6: NFL Teams
Pick 6: Flags
C Names for Actors
Recently Updated
Adaptations: Name the Title
pecheneg
NWSL Teams
pecheneg
Women's Final Four Teams by Year
bhenderson79
Presidents Quartet II
eogle
Anything But Clue(do)
eogle
Anything But Oceanian Capitals
eogle
Anything But 7
eogle
Anything But Thing
eogle
Word Ladder: February 29
pecheneg
Song Title Questions
pecheneg
Trending Topics
Disney
Kpop
Anime
Harry Potter
Crossword
Marvel
NBA
Puzzle
Pokémon
NFL
WWE
Song
The Office
Country
Soccer
Your Account Isn't Verified!
In order to create a playlist on Sporcle, you need to verify the email address you used during registration. Go to your
Sporcle Settings
to finish the process.
Report this User
Report this user for behavior that violates our
Community Guidelines
.
Details:
Send Report
Go to the Sporcle.com Mobile Site →
Comments